| 000 | 00480 a2200157 4500 | ||
|---|---|---|---|
| 003 | NUST | ||
| 005 | 20220930145542.0 | ||
| 020 | _a1564240460 | ||
| 082 | _a624.182102 AME | ||
| 245 |
_aManual of Steel Construction : Load and Resistance Factor Design [vol-1] / _cAISC |
||
| 250 | _a2nd. ed. | ||
| 260 |
_aAmerica : _cAmerican Institute of Steel Construction _b1998 |
||
| 300 |
_avariouse pages : _bill . ; _c25cm |
||
| 650 |
_asteel construction _930205 |
||
| 942 |
_2ddc _cBK _esecond |
||
| 999 |
_c591464 _d591464 |
||